God's two books :Copernican Cosmology and Biblical Interpretation in early Modern Science (Record no. 22480)

MARC details
000 -LEADER
fixed length control field 00980cam a22001574a 4500
020 ## - INTERNATIONAL STANDARD BOOK NUMBER
ISBN 0268010455 (cloth : alk. paper)
082 00 - DEWEY DECIMAL CLASSIFICATION NUMBER
Classification number 261.5509409031
Author Cutter HOW
100 1# - MAIN ENTRY--AUTHOR NAME
Author name Howell, Kenneth J.
245 10 - TITLE STATEMENT
Title God's two books :Copernican Cosmology and Biblical Interpretation in early Modern Science
260 ## - PUBLICATION, DISTRIBUTION, ETC. (IMPRINT)
Place of publication Notre Dame, Ind. :
Name of publisher University of Notre Dame Press,
Year of publication c2002.
300 ## - PHYSICAL DESCRIPTION
Number of Pages viii, 319 p. ;
505 0# - FORMATTED CONTENTS NOTE
Formatted contents note Early modern science and biblical interpretation -- Reading the heavens and Scripture in early modern science -- Copernicus, the Bible, and the Wittenberg orbit -- Geoheliocentrism and the Bible : Brahe, Peucer, and Rothmann -- Kepler, cosmology and the Bible -- Copernican cosmology, cartesianism and the Bible in the Netherlands -- Copernicanism and the Bible in the Netherlands -- Copernicanism and the Bible in Catholic Europe -- Interpreting the history of early modern cosmology and the Bible.
650 #0 - SUBJECT ADDED ENTRY--TOPICAL TERM
Topical Term Religion and science.
942 ## - ADDED ENTRY ELEMENTS (KOHA)
Koha item type Books
Holdings
Home library Current library Shelving location Date acquired Full call number Accession Number Koha item type
Henry Martyn Institute Library Henry Martyn Institute Library General stacks 11/02/2018 261.5509409031 HOW 11003847 Books
                   Copyright © 2026 | Henry Martyn Institute | Hyderabad | TS-500052 | INDIA | Implemented by hmi.edu.in
Hit-Count:

Powered by Koha